| 000 | 00648nam a2200205 i 4500 | ||
|---|---|---|---|
| 001 | 33802 | ||
| 003 | ES-MaACL | ||
| 005 | 20230906154826.0 | ||
| 007 | t| | ||
| 008 | 030203s1980 sp ||||1| spa d | ||
| 100 | 1 |
_aBobbio, Norberto. _929645 |
|
| 245 | 1 | 0 |
_aContribución a la teoría del Derecho / _cNorberto Bobbio ; edición de Alfonso Ruiz Miguel. |
| 260 |
_a[Valencia : _bFernando Torres, _c1980] |
||
| 300 |
_a403 p. ; _c23 cm. |
||
| 490 | 1 |
_aEl Derecho y el Estado ; _v1 |
|
| 700 | 1 |
_aRuiz Miguel, Alfonso. _9100876 |
|
| 830 | 0 |
_aEl Derecho y el Estado ; _v1 _9186398 |
|
| 852 |
_aES-MaACL _jL-5278 _bR.105824 |
||
| 999 |
_c33802 _d33802 |
||